000 01618cam a2200433 i 4500
001 768714001
003 CO-MdFUSB
005 20241019103932.0
007 ta
008 160825t2008 sp ||||| |||| 00| | spa d
020 _a84-8267-460-9
040 _cCO-MdFUSB
_aCO-MdFUSB
_bspa
_dCO-MdFUSBC
_erda
041 0 _aspa
082 0 4 _223
_aR 227.6
_bF295
100 1 _aFee, Gordon D.
_eautor
245 0 0 _aComentario de la Epístola a los Filipenses
_c/ Gordon D. Fee ; traducido por Dorcas González Bataller , Ismael López Medel
_h[Libro físico y electrónico]
264 1 _aBarcelona :
_bCLIE,
_c[2004]
264 4 _c© 2004
300 _a594 páginas.
_c; 22 cm
336 _2rdacontent
_atexto
_btxt
337 _2rdamedia
_asin mediación
_bn
338 _2rdacontent
_avolumen
_bnc
490 _aColección Teológica Contemporanea;
500 _aIncluye libro electrónico
504 _aIncluye referencias bibliográficas
505 _aBosquejo de Filipenses -- Texto, exposición y notas.
516 _atexto electrónico
538 _aAcceso a Internet;
538 _arequiere usuario y clave asignada por la biblioteca.
563 _aRustico
630 0 7 _aBiblia.
_pFilipenses
_xCrítica, interpretación, etc.
700 _93034
_aFee, Gordon D.
_eautor
700 _91780
_aGonzález Bataller, Dorcas,
_etraductor
700 _98270
_aLópez Medel, Ismael
_etraductor
856 _uhttps://ebookcentral.proquest.com/lib/unisbcsp/detail.action?docID=4824340
_zAbrir versión electrónica del comentario.
942 _cREF
945 _aMag1104
999 _c43064
_d43064